000 00655nam a2200265Ia 4500
005 20260121170142.0
008 008 260114s9999 xx 000 0 eng d
020 _a9783319641584
037 _aEBOOK
040 _aCRL
040 _beng
040 _cCRL
041 _2eng
041 _aeng
084 _qCRL
100 _aJens O. Zinn, Daniel McDonald
_91060434
245 0 _aRisk in The New York Times (1987–2014)
260 _bSpringer
260 _bSpringer
260 _c2018
856 _uhttps://link.springer.com/openurl?genre=book&isbn=978-3-319-64158-4
942 _cEBOOK
999 _c1626163
_d1626163